Statistics for Jacksonville Jaguars: Pro Bowl Selections

Click here to take the quiz!

General Stats

  • This quiz has been taken 148 times
    (124 since last reset)
  • The average score is 12 of 30

Answer Stats

PositionAmount of SelectionsPlayer% Correct
CB2Jalen Ramsey
88%
RB3Maurice Jones-Drew
85%
WR5Jimmy Smith
79%
RB1Fred Taylor
78%
LB1Telvin Smith
77%
WR1Allen Robinson
75%
DE3Calais Campbell
70%
QB3Mark Brunell
69%
QB1David Garrard
59%
TE1Marcedes Lewis
52%
T5Tony Boselli
52%
CB1A.J. Bouye
51%
WR1D. J. Chark
38%
WR1Keenan McCardell
38%
DT2John Henderson
32%
DE1Josh Allen
32%
DT3Marcus Stroud
30%
DT1Malik Jackson
30%
DE1Yannick Ngakoue
30%
CB1Rashean Mathis
28%
LB1Paul Posluszny
17%
DE1Tony Brackens
16%
P1Bryan Barker
12%
LB1Kevin Hardy
11%
CB1Carnell Lake
9%
DT1Gary Walker
9%
T1Leon Searcy
7%
RB2Montell Owens
7%
K1Mike Hollis
7%
P1Chris Hanson
6%

Score Distribution

Percentile by Number Answered

Percent of People with Each Score

Your Score History

You have not taken this quiz since the last reset